<?xml version="1.0" encoding="UTF-8"?>
<record
    xmlns:xsi="http://www.w3.org/2001/XMLSchema-instance"
    xsi:schemaLocation="http://www.loc.gov/MARC21/slim http://www.loc.gov/standards/marcxml/schema/MARC21slim.xsd"
    xmlns="http://www.loc.gov/MARC21/slim">

  <leader>00337pam a2200133 a 4500</leader>
  <datafield tag="020" ind1=" " ind2=" ">
    <subfield code="c"></subfield>
  </datafield>
  <datafield tag="041" ind1=" " ind2=" ">
    <subfield code="h"></subfield>
  </datafield>
  <datafield tag="082" ind1=" " ind2=" ">
    <subfield code="a">005.4`3</subfield>
  </datafield>
  <datafield tag="100" ind1=" " ind2=" ">
    <subfield code="a">KANETKAR (Y)</subfield>
    <subfield code="e">author</subfield>
  </datafield>
  <datafield tag="245" ind1=" " ind2=" ">
    <subfield code="a">Test Your Skills</subfield>
    <subfield code="h">Textual Document</subfield>
  </datafield>
  <datafield tag="260" ind1=" " ind2=" ">
    <subfield code="b">Dr. D.Y Patil Institute of Management and Research pune 4110018</subfield>
    <subfield code="c">-1997</subfield>
  </datafield>
  <datafield tag="300" ind1=" " ind2=" ">
    <subfield code="a">VIII,255</subfield>
  </datafield>
  <datafield tag="930" ind1=" " ind2=" ">
    <subfield code="a">10085</subfield>
  </datafield>
  <datafield tag="999" ind1=" " ind2=" ">
    <subfield code="c">840843</subfield>
    <subfield code="d">840843</subfield>
  </datafield>
  <datafield tag="952" ind1=" " ind2=" ">
    <subfield code="0">0</subfield>
    <subfield code="1">0</subfield>
    <subfield code="4">0</subfield>
    <subfield code="7">0</subfield>
    <subfield code="8">General</subfield>
    <subfield code="a">IMD</subfield>
    <subfield code="b">IMD</subfield>
    <subfield code="d">1998-10-30</subfield>
    <subfield code="g">81.00</subfield>
    <subfield code="l">0</subfield>
    <subfield code="o">005.4`3 </subfield>
    <subfield code="p">IMD-26PB0005342</subfield>
    <subfield code="r">2023-08-17 00:00:00</subfield>
    <subfield code="t">3</subfield>
    <subfield code="w">2023-08-17</subfield>
    <subfield code="y">BK</subfield>
  </datafield>
  <datafield tag="952" ind1=" " ind2=" ">
    <subfield code="0">0</subfield>
    <subfield code="1">0</subfield>
    <subfield code="4">0</subfield>
    <subfield code="7">0</subfield>
    <subfield code="8">General</subfield>
    <subfield code="a">IMD</subfield>
    <subfield code="b">IMD</subfield>
    <subfield code="d">1998-10-30</subfield>
    <subfield code="g">81.00</subfield>
    <subfield code="l">0</subfield>
    <subfield code="o">005.4`3 </subfield>
    <subfield code="p">IMD-26PB0005341</subfield>
    <subfield code="r">2023-08-17 00:00:00</subfield>
    <subfield code="t">2</subfield>
    <subfield code="w">2023-08-17</subfield>
    <subfield code="y">BK</subfield>
  </datafield>
  <datafield tag="952" ind1=" " ind2=" ">
    <subfield code="0">0</subfield>
    <subfield code="1">0</subfield>
    <subfield code="4">0</subfield>
    <subfield code="7">0</subfield>
    <subfield code="8">General</subfield>
    <subfield code="a">IMD</subfield>
    <subfield code="b">IMD</subfield>
    <subfield code="d">1998-10-30</subfield>
    <subfield code="g">81.00</subfield>
    <subfield code="l">0</subfield>
    <subfield code="o">005.4`3 </subfield>
    <subfield code="p">IMD-26PB0005340</subfield>
    <subfield code="r">2023-08-17 00:00:00</subfield>
    <subfield code="t">1</subfield>
    <subfield code="w">2023-08-17</subfield>
    <subfield code="y">BK</subfield>
  </datafield>
</record>
